MDQL
is popping MORE tags! Check the
thread
!
Quizzes
Events
Quiz Creation
Community
Videos
Private Events
Remove Ads
Sign In
Join for FREE
Feedback
Dark Mode
Quiz Categories
Sports
Geography
Music
Movies
Television
Just For Fun
Miscellaneous
History
Literature
Language
Science
Gaming
Entertainment
Religion
Holiday
For Kids
Quiz Lab
Recent
Popular Today
Quiz Kudos Today
Editor Picks
Curator Picks
Quizzes by...
Day
Popularity
Type
Ratings
Length
Year
Community
Subscriptions
Recent Discussions
Orange Saloon
Badges
Playlists
Quests
Create
Leaderboards
Showdown
Live 5
Trivia Bingo
Activity
Puzzle Library
Sporcle Events
Private Events
Virtual Trivia
Globe League
Become a Host
Pub Owners
SporcleCon
Opinionation
Our Games
Videos
Blog
Mobile Apps
Partnerships
Remove Ads and Go Orange
Feedback
Movies
Disney
Marvel Cinematic Universe
Movie Resume
Movie Titles
Oscar
Actor
Actress
Director
Pixar
Role
Movie Quotes
Movie Characters
Box Office
Nominee
Best Picture
Star Wars
James Bond
Horror Movies
Movies
Disney
Marvel Cinematic Universe
Movie Resume
Movie Titles
Oscar
Actor
Actress
Director
Pixar
Role
Movie Quotes
Movie Characters
Box Office
Nominee
Best Picture
Star Wars
James Bond
Horror Movies
Random Quiz
Search Sporcle
×
Quiz Lab
Quiz Lab
Movies
Actor
Type in answers that appear in a list
Type in answers that appear in a list
Classic
Best Score? Go Orange.
Birthplace of Celebrities Stats
Can you name the Birthplace of Actors?
By
donwing
7m
12 Questions
74 Plays
74 Plays
74 Plays
Comments
Comments
Give Quiz Kudos
Give Quiz Kudos
-
- Ratings
hide this ad
Replay
Link that replays current quiz
Next Quiz
Link to next quiz in quiz playlist
You Got
0%
They Got
Avg Score
63%
Avg Friend Score
Upgrade to see
Score Distribution
Jump to the score distribution portion of the page
Score
0/12
Timer
07:00
0
Plays Today
% Correct
Canada
93.2%
Australia
93.2%
Scotland
90.5%
Ireland
89.2%
England
82.4%
America
81.1%
Israel
68.9%
Wales
62.2%
Ukraine
43.2%
Colombia
31.1%
Morocco
25.7%
5.4%
Quiz Playlist
Details
Report
Send in Message
Add To Playlist
Classic:
Type in answers that appear in a list
Last Updated: Feb 16, 2017
Quiz Scoreboard
CHALLENGE
Sign Up to Join the Scoreboard
Show All
Scores
Hide
Comments
May contain spoilers
Recently Published
Holiday 10x10 Sorting Gallery
by lukepisani3
Holiday
15m
Two Season TV Shows II
by 123Four
Television
10m
Image Sorting: Flags VI
by Barbecue
Geography
2m
More to Explore
Quiz From the Vault
Featured Blog Post
14 Easter Pick-up Lines to Find Eggs With
hide this ad
You Might Also Like...
Tags
Actor Quiz
Actress Quiz
birthplace
Today's Top Quizzes in Movies
Browse Movies
hide this ad
Today's Top Quizzes in Actor
Browse Actor
Top Contributed Quizzes in Movies
1
The ultimate James Bond movie quiz
2
Find The 'Big' Movie
3
Find The 'Wild' Movie
4
Find The 'Blue' Movie
5
Movies By Plot
6
Hidden Star Wars Character II
7
Hidden Star Wars Character III
8
25 Best Actor Nominees (1990s)
9
Hidden Star Wars Character IV
10
Pick 5 Posters: Directed by Spielberg
Explore More
Trending Topics
Harry Potter
NBA
Anime
Kpop
Crossword
Disney
Marvel
NFL
The Office
WWE
Soccer
Song
Pokémon
Puzzle
Country
hide this ad
More By:
donwing
Quiz
Plays
Rating
Category
Featured
Created
Cast members of AMC's the Walking Dead
2,434
4.42
Television
Dec 10, 2012
Multiple appearances in American Horror Story?
1,283
5.00
Television
Oct 25, 2015
Actor/character match American Horror Story
483
5.00
Television
Oct 25, 2015
Birthplace of Celebrities
74
1.00
Movies
Sep 15, 2011
Go to Creator's Profile
Score Distribution
Quiz Creator Spotlight
donwing
Follow
Send a Message
Quizzes Created
-
Created Quiz Play Count
-
More By This Creator
Popular Quizzes Today
1
Find the US States - No Outlines Minefield
2
Colored Red Africa Blitz
3
Find the 'City' Movie
4
The Countries of the World
5
5x2 Blitz: Bands
6
Find the Countries of Europe - No Outlines Minefield
7
Find the US States
8
US States
More Movies Quizzes
Lt. Aldo Raine's Recruitment Speech
Quiz Lab
Trending Quizzes
Colored Red Europe Blitz I
Colored Red Africa Blitz II
Colored Red Europe Blitz II
Even More Two Season TV Shows
Colored Red Africa Blitz III
Recently Updated
Odd Team Out - Big 4 Players
pecheneg
Quick Pick: 20 Twenties
pecheneg
March Madness Men's Triple Doubles
pecheneg
How Do You Spell That?
pecheneg
Godzilla Movies
pecheneg
Grab Bag: 4-10 Letters
pecheneg
2024 March Madness Bracket
pecheneg
Famous TV Couples
Peacemaker
Champions League XIs: Real Madrid
pecheneg
Largest US Cities 1790-2010
pecheneg
Trending Topics
Harry Potter
Anime
Marvel
NBA
Disney
Kpop
Crossword
NFL
Country
The Office
Puzzle
WWE
Soccer
Song
Pokémon
Your Account Isn't Verified!
In order to create a playlist on Sporcle, you need to verify the email address you used during registration. Go to your
Sporcle Settings
to finish the process.
Report this User
Report this user for behavior that violates our
Community Guidelines
.
Details:
Send Report
Go to the Sporcle.com Mobile Site →
Comments